| 000 | 01195nam a2200325 i 4500 | ||
|---|---|---|---|
| 003 | OSt | ||
| 005 | 20260405165935.0 | ||
| 008 | 260405t20242024nyuao er 001 0 eng d | ||
| 020 |
_a9781266853388 _cRM 159.00 _qpaperback |
||
| 040 |
_aPPAK _beng _cPPAK _erda |
||
| 082 | 0 | 4 |
_223 _a612.076 |
| 090 | 0 | 0 |
_a612.076 _bWEL _dR |
| 100 | 1 |
_aWelsh, Charles J., _eauthor. |
|
| 245 | 1 | 0 |
_aHOLE'S HUMAN ANATOMY & PHYSIOLOGY / _cCharles J. Welsh, DOQUESNE UNIVERSITY, Cynthia Prentice-Craver, CHEMEKETA COMMUNITY COLLEGE |
| 250 | _a2024 Release | ||
| 264 | 1 |
_aNew York : _bMcGraw Hill LLC, _c2024 |
|
| 264 | 4 | _c©2024 | |
| 300 |
_axxiii, 1016 pages : _bcolour photographs ; _c28 cm |
||
| 336 |
_atext _2rdacontent |
||
| 336 |
_astill image _2rdacontent |
||
| 337 |
_aunmediated _2rdamedia |
||
| 338 |
_avolume _2rdacarrier |
||
| 500 | _aIncludes index | ||
| 500 | _aIncludes figure question answers | ||
| 500 | _aThis International Students Edition is for use outside of the U.S. | ||
| 650 | 1 | 0 |
_aHuman physiology _vExaminations, questions, etc. |
| 650 | 2 | 0 |
_aHuman anatomy _vExaminations, questions, etc. |
| 700 | 1 |
_aPrentice-Craver, Cynthia, _eauthor. |
|
| 942 |
_2ddc _cB |
||
| 999 |
_c203700 _d203700 |
||